Dokumentografické informační systémy /

Gespeichert in:
Bibliographische Detailangaben
Hauptverfasser: Pokorný, Jaroslav (Verfasst von), Snášel, Václav (Verfasst von), Húsek, Dušan (Verfasst von)
Format: Buch
Sprache:Tschechisch
Veröffentlicht: Praha, Karolinum, 1998
Ausgabe:1. vyd.
Schlagworte:
Tags: Tag hinzufügen
Keine Tags, Fügen Sie das erste Tag hinzu!

MARC

LEADER 00000nam a22000003a 4500
001 0075585
003 SK-STU
005 20190910163326.7
007 ta
008 190910s ----xo-----e------000-0-----d
040 |a STU  |b slo 
041 0 |a cze 
044 |a xr 
100 1 |a Pokorný, Jaroslav  |4 aut 
245 1 0 |a Dokumentografické informační systémy /  |c aut. Jaroslav Pokorný, Václav Snášel, Dušan Húsek 
250 |a 1. vyd. 
260 |a Praha,  |b Karolinum,  |c 1998 
300 |a 158 s. 
650 0 7 |a dátabázové systémy 
650 0 7 |a spracovanie prirodzeného jazyka 
650 0 7 |a vyhľadávanie informácií 
700 1 |a Snášel, Václav  |4 aut 
700 1 |a Húsek, Dušan  |4 aut 
996 |c I*13ZS13461  |l II680  |s A  |a 24  |w 0075585_0001